Snow (Record no. 5080)

000 -LEADER
fixed length control field 00988 a2200229 4500
020 ## - INTERNATIONAL STANDARD BOOK NUMBER
International Standard Book Number 0375706860
040 ## - CATALOGING SOURCE
Original cataloging agency DLC
Language of cataloging DLC
082 04 - DEWEY DECIMAL CLASSIFICATION NUMBER
Classification number 894.3533
100 1# - MAIN ENTRY--PERSONAL NAME
Personal name Pamuk, Orhan,
245 10 - TITLE STATEMENT
Title Snow
Statement of responsibility, etc. Orhan Pamuk ; translated from the Turkish by Maureen Freely
250 ## - EDITION STATEMENT
Edition statement 1st Vintage International ed.
260 ## - PUBLICATION, DISTRIBUTION, ETC.
Place of publication, distribution, etc. New York :
Name of publisher, distributor, etc. Vintage International,
Date of publication, distribution, etc. 2005.
300 ## - PHYSICAL DESCRIPTION
Extent 425 p. ;
Dimensions 20 cm.
500 ## - GENERAL NOTE
General note "This translation originally published in hardcover in the United States by Alfred A. Knopf ... New York, in 2004"--T.p. verso.
650 #0 - SUBJECT ADDED ENTRY--TOPICAL TERM
Topical term or geographic name entry element Journalists
Geographic subdivision Turkey
651 #0 - SUBJECT ADDED ENTRY--GEOGRAPHIC NAME
Geographic name Turkey
General subdivision Social conditions
Chronological subdivision 1960-
700 1# - ADDED ENTRY--PERSONAL NAME
Personal name Freely, Maureen,
Dates associated with a name 1952-
856 41 - ELECTRONIC LOCATION AND ACCESS
Materials specified Sample text
Uniform Resource Identifier <a href="http://www.loc.gov/catdir/samples/random051/2003065935.html">http://www.loc.gov/catdir/samples/random051/2003065935.html</a>
856 41 - ELECTRONIC LOCATION AND ACCESS
Materials specified Contributor biographical information
Uniform Resource Identifier <a href="http://www.loc.gov/catdir/bios/random051/2003065935.html">http://www.loc.gov/catdir/bios/random051/2003065935.html</a>
856 41 - ELECTRONIC LOCATION AND ACCESS
Materials specified Publisher description
Uniform Resource Identifier <a href="http://www.loc.gov/catdir/description/random051/2003065935.html">http://www.loc.gov/catdir/description/random051/2003065935.html</a>
942 ## - ADDED ENTRY ELEMENTS (KOHA)
Koha item type Book
Call number prefix 894.3533 ORH
Source of classification or shelving scheme
Holdings
Withdrawn status Lost status Damaged status Not for loan Collection code Permanent Location Current Location Shelving location Date acquired Source of acquisition Total Checkouts Full call number Barcode Date last seen Date last checked out Price effective from Koha item type
          Central Library (CL) Central Library (CL) General Stacks 04/17/2008 Donation 4 894.3533 ORH SEECS008998 05/24/2023 12/04/2020 01/05/2017 Book
© 2023 Central Library, National University of Sciences and Technology. All Rights Reserved.